000
00325nam a2200133Ia 4500
008
240624s9999 xx 000 0 und d
041
_a
eng
082
_a
729.2 RED
100
_a
REDSTRÖM JOHAN
245
_a
MAKING DESIGN THEORY
260
_c
2017
_a
Cambridge
_b
The MIT Press
300
_a
xiv,171P. ;23cm.
365
_c
_b
33
999
_c
32698
_d
32698